| 000 | 00950cam a2200253 i 4500 | ||
|---|---|---|---|
| 005 | 20160206093029.0 | ||
| 008 | 010402s2001 enkab b 001 0 eng | ||
| 020 | _a019850649X | ||
| 020 | _a0198509278 (pbk.) | ||
| 040 |
_aDLC _cDLC _dDLC _dWaU _dDLC |
||
| 041 | 0 | _aeng | |
| 042 | _apcc | ||
| 082 | 0 | 4 |
_a591.788 _bB92i |
| 100 | 1 | _aBuckland, S. T. | |
| 245 | 1 | 0 |
_aIntroduction to distance sampling : _bestimating abundance of biological populations / _cS.T. Buckland y (otors cinco autores). |
| 260 |
_aOxford ; _aNew York : _bOxford University Press, _c2001. |
||
| 300 |
_axv, 432 páginas : _bilustraciones y mapas ; _c24 cm. |
||
| 504 | _aIncluye referencias bibliográficas e índice. | ||
| 650 | 1 | 4 | _aPoblación animal |
| 650 | 2 | 4 | _aBiología de población |
| 650 | 2 | 4 | _aMuestreo (Estadística) |
| 856 | 4 | 1 |
_3Tabla de contenido _uhttp://www.loc.gov/catdir/enhancements/fy0612/2001033232-t.html |
| 942 |
_2ddc _cLIBRO |
||
| 999 |
_c2761 _d2761 |
||